000 00500nam a2200169Ia 4500
003 OSt
005 20240925121517.0
008 190216s9999||||xx |||||||||||||| ||und||
040 _coclc
082 _a542
_bDEV/E
100 _aDevadasan, K K
_94187
245 0 _aExperimental Chemistry /
_cK K Devadasan ; T M Gokulachandran ; Joby Thomas K
260 _bManjusha Publications,
_aCalicut:
300 _a511p
650 _aChemistry
942 _cBK
_2ddc
_h542
_iDEV/E
_k542
_mDEV/E
999 _c3464
_d3464